2403-養老鉄道の駅 - Statistics

General Stats
  • This quiz has been taken 71 times
  • The average score is 17 of 27
Answer Stats
本線 % Correct
桑名
100%
養老
96%
大垣
96%
西大垣
90%
揖斐
86%
北大垣
74%
66%
駒野
64%
播磨
62%
多度
62%
美濃松山
60%
美濃津屋
60%
北神戸
60%
広神戸
58%
下深谷
56%
美濃高田
56%
美濃本郷
54%
石津
52%
美濃山崎
52%
美濃青柳
52%
池野
50%
北池野
50%
下野代
48%
友江
48%
東赤坂
48%
大外羽
46%
烏江
44%
No matching quizzes found
Score Distribution
Percent of People with Each Score
Percentile by Number Answered
Your Score History
You have not taken this quiz